<?xml version="1.0" encoding="UTF-8"?>
<record
    xmlns:xsi="http://www.w3.org/2001/XMLSchema-instance"
    xsi:schemaLocation="http://www.loc.gov/MARC21/slim http://www.loc.gov/standards/marcxml/schema/MARC21slim.xsd"
    xmlns="http://www.loc.gov/MARC21/slim">

  <leader>00499nam a22001817a 4500</leader>
  <controlfield tag="005">20240902123247.0</controlfield>
  <controlfield tag="008">240831b        |||||||| |||| 00| 0 eng d</controlfield>
  <datafield tag="020" ind1=" " ind2=" ">
    <subfield code="a">978-81-203-2468-3</subfield>
  </datafield>
  <datafield tag="041" ind1=" " ind2=" ">
    <subfield code="a">eng</subfield>
  </datafield>
  <datafield tag="082" ind1=" " ind2=" ">
    <subfield code="a">004.01 MIS</subfield>
  </datafield>
  <datafield tag="100" ind1=" " ind2=" ">
    <subfield code="a">MISHRA, K.L.P. AND CHANDRASEKARAN, N </subfield>
    <subfield code="9">8483</subfield>
  </datafield>
  <datafield tag="245" ind1=" " ind2=" ">
    <subfield code="a">THEORY OF COMPUTER SCIENCE: AUTOMATA LANGUAGES AND COMPUTATION </subfield>
  </datafield>
  <datafield tag="250" ind1=" " ind2=" ">
    <subfield code="a">3RD ED. </subfield>
  </datafield>
  <datafield tag="260" ind1=" " ind2=" ">
    <subfield code="a">DELHI</subfield>
    <subfield code="b">PHI LEARNING PVT.LTD. </subfield>
    <subfield code="c">2024</subfield>
  </datafield>
  <datafield tag="300" ind1=" " ind2=" ">
    <subfield code="a">422;P </subfield>
  </datafield>
  <datafield tag="650" ind1=" " ind2=" ">
    <subfield code="a">CS &amp; IT</subfield>
  </datafield>
  <datafield tag="942" ind1=" " ind2=" ">
    <subfield code="c">BK</subfield>
  </datafield>
  <datafield tag="999" ind1=" " ind2=" ">
    <subfield code="c">8612</subfield>
    <subfield code="d">8610</subfield>
  </datafield>
  <datafield tag="952" ind1=" " ind2=" ">
    <subfield code="0">0</subfield>
    <subfield code="1">0</subfield>
    <subfield code="4">0</subfield>
    <subfield code="7">0</subfield>
    <subfield code="8">REF</subfield>
    <subfield code="a">JRU</subfield>
    <subfield code="b">JRU</subfield>
    <subfield code="c">SHELF-72-C</subfield>
    <subfield code="d">2024-08-30</subfield>
    <subfield code="e">PURCHASE</subfield>
    <subfield code="g">495.00</subfield>
    <subfield code="h">NEW ARRIVALS SHELF</subfield>
    <subfield code="l">1</subfield>
    <subfield code="o">004.01</subfield>
    <subfield code="p">28354</subfield>
    <subfield code="r">2025-05-06 11:55:48</subfield>
    <subfield code="s">2025-05-06</subfield>
    <subfield code="w">2024-08-30</subfield>
    <subfield code="y">BK</subfield>
  </datafield>
  <datafield tag="952" ind1=" " ind2=" ">
    <subfield code="0">0</subfield>
    <subfield code="1">0</subfield>
    <subfield code="4">0</subfield>
    <subfield code="7">0</subfield>
    <subfield code="8">CS/IT</subfield>
    <subfield code="a">JRU</subfield>
    <subfield code="b">JRU</subfield>
    <subfield code="c">SHELF-53-F</subfield>
    <subfield code="d">2024-08-30</subfield>
    <subfield code="e">PURCHASE</subfield>
    <subfield code="g">495.00</subfield>
    <subfield code="l">2</subfield>
    <subfield code="o">004.01</subfield>
    <subfield code="p">28355</subfield>
    <subfield code="r">2025-08-26 12:37:28</subfield>
    <subfield code="s">2025-08-13</subfield>
    <subfield code="w">2024-08-30</subfield>
    <subfield code="y">BK</subfield>
  </datafield>
  <datafield tag="952" ind1=" " ind2=" ">
    <subfield code="0">0</subfield>
    <subfield code="1">0</subfield>
    <subfield code="4">0</subfield>
    <subfield code="7">0</subfield>
    <subfield code="8">CS/IT</subfield>
    <subfield code="a">JRU</subfield>
    <subfield code="b">JRU</subfield>
    <subfield code="c">SHELF-53-F</subfield>
    <subfield code="d">2024-08-30</subfield>
    <subfield code="e">PURCHASE</subfield>
    <subfield code="g">495.00</subfield>
    <subfield code="l">0</subfield>
    <subfield code="o">004.01</subfield>
    <subfield code="p">28356</subfield>
    <subfield code="r">2024-08-31 14:37:32</subfield>
    <subfield code="w">2024-08-30</subfield>
    <subfield code="y">BK</subfield>
  </datafield>
  <datafield tag="952" ind1=" " ind2=" ">
    <subfield code="0">0</subfield>
    <subfield code="1">0</subfield>
    <subfield code="4">0</subfield>
    <subfield code="7">0</subfield>
    <subfield code="8">CS/IT</subfield>
    <subfield code="a">JRU</subfield>
    <subfield code="b">JRU</subfield>
    <subfield code="c">SHELF-48-G</subfield>
    <subfield code="d">2024-08-30</subfield>
    <subfield code="e">PURCHASE</subfield>
    <subfield code="g">495.00</subfield>
    <subfield code="l">3</subfield>
    <subfield code="m">1</subfield>
    <subfield code="o">004.01</subfield>
    <subfield code="p">28357</subfield>
    <subfield code="r">2026-03-25 07:11:56</subfield>
    <subfield code="s">2026-02-27</subfield>
    <subfield code="w">2024-08-30</subfield>
    <subfield code="y">BK</subfield>
  </datafield>
  <datafield tag="952" ind1=" " ind2=" ">
    <subfield code="0">0</subfield>
    <subfield code="1">0</subfield>
    <subfield code="4">0</subfield>
    <subfield code="7">0</subfield>
    <subfield code="8">CS/IT</subfield>
    <subfield code="a">JRU</subfield>
    <subfield code="b">JRU</subfield>
    <subfield code="c">SHELF-53-F</subfield>
    <subfield code="d">2024-08-30</subfield>
    <subfield code="e">PURCHASE</subfield>
    <subfield code="g">495.00</subfield>
    <subfield code="l">3</subfield>
    <subfield code="o">004.01</subfield>
    <subfield code="p">28358</subfield>
    <subfield code="r">2026-03-13 08:05:00</subfield>
    <subfield code="s">2026-02-27</subfield>
    <subfield code="w">2024-08-30</subfield>
    <subfield code="y">BK</subfield>
  </datafield>
  <datafield tag="952" ind1=" " ind2=" ">
    <subfield code="0">0</subfield>
    <subfield code="1">0</subfield>
    <subfield code="4">0</subfield>
    <subfield code="7">0</subfield>
    <subfield code="8">CS/IT</subfield>
    <subfield code="a">JRU</subfield>
    <subfield code="b">JRU</subfield>
    <subfield code="c">SHELF-53-F</subfield>
    <subfield code="d">2024-08-30</subfield>
    <subfield code="e">PURCHASE</subfield>
    <subfield code="g">495.00</subfield>
    <subfield code="l">0</subfield>
    <subfield code="o">004.01</subfield>
    <subfield code="p">28359</subfield>
    <subfield code="r">2024-08-31 14:37:32</subfield>
    <subfield code="w">2024-08-30</subfield>
    <subfield code="y">BK</subfield>
  </datafield>
  <datafield tag="952" ind1=" " ind2=" ">
    <subfield code="0">0</subfield>
    <subfield code="1">0</subfield>
    <subfield code="4">0</subfield>
    <subfield code="7">0</subfield>
    <subfield code="8">CS/IT</subfield>
    <subfield code="a">JRU</subfield>
    <subfield code="b">JRU</subfield>
    <subfield code="c">SHELF-53-F</subfield>
    <subfield code="d">2024-08-30</subfield>
    <subfield code="e">PURCHASE</subfield>
    <subfield code="g">495.00</subfield>
    <subfield code="l">3</subfield>
    <subfield code="m">1</subfield>
    <subfield code="o">004.01</subfield>
    <subfield code="p">28360</subfield>
    <subfield code="r">2026-02-27 08:10:35</subfield>
    <subfield code="s">2026-01-27</subfield>
    <subfield code="w">2024-08-30</subfield>
    <subfield code="y">BK</subfield>
  </datafield>
  <datafield tag="952" ind1=" " ind2=" ">
    <subfield code="0">0</subfield>
    <subfield code="1">0</subfield>
    <subfield code="4">0</subfield>
    <subfield code="7">0</subfield>
    <subfield code="8">CS/IT</subfield>
    <subfield code="a">JRU</subfield>
    <subfield code="b">JRU</subfield>
    <subfield code="c">SHELF-53-F</subfield>
    <subfield code="d">2024-08-30</subfield>
    <subfield code="e">PURCHASE</subfield>
    <subfield code="g">495.00</subfield>
    <subfield code="l">2</subfield>
    <subfield code="o">004.01</subfield>
    <subfield code="p">28361</subfield>
    <subfield code="r">2025-05-22 10:33:17</subfield>
    <subfield code="s">2025-05-13</subfield>
    <subfield code="w">2024-08-30</subfield>
    <subfield code="y">BK</subfield>
  </datafield>
  <datafield tag="952" ind1=" " ind2=" ">
    <subfield code="0">0</subfield>
    <subfield code="1">0</subfield>
    <subfield code="4">0</subfield>
    <subfield code="7">0</subfield>
    <subfield code="8">CS/IT</subfield>
    <subfield code="a">JRU</subfield>
    <subfield code="b">JRU</subfield>
    <subfield code="c">SHELF-53-F</subfield>
    <subfield code="d">2024-09-19</subfield>
    <subfield code="e">PURCHASE</subfield>
    <subfield code="g">495.00</subfield>
    <subfield code="l">3</subfield>
    <subfield code="m">2</subfield>
    <subfield code="o">004.01</subfield>
    <subfield code="p">28601</subfield>
    <subfield code="r">2026-03-25 11:33:17</subfield>
    <subfield code="s">2026-02-27</subfield>
    <subfield code="w">2024-09-19</subfield>
    <subfield code="y">BK</subfield>
  </datafield>
  <datafield tag="952" ind1=" " ind2=" ">
    <subfield code="0">0</subfield>
    <subfield code="1">0</subfield>
    <subfield code="4">0</subfield>
    <subfield code="7">0</subfield>
    <subfield code="8">CS/IT</subfield>
    <subfield code="a">JRU</subfield>
    <subfield code="b">JRU</subfield>
    <subfield code="c">SHELF-53-F</subfield>
    <subfield code="d">2024-09-19</subfield>
    <subfield code="e">PURCHASE</subfield>
    <subfield code="g">495.00</subfield>
    <subfield code="l">2</subfield>
    <subfield code="m">1</subfield>
    <subfield code="o">004.01</subfield>
    <subfield code="p">28602</subfield>
    <subfield code="r">2026-04-21 14:25:34</subfield>
    <subfield code="s">2026-04-13</subfield>
    <subfield code="w">2024-09-19</subfield>
    <subfield code="y">BK</subfield>
  </datafield>
</record>
